00373nam a2200133Ia 450000500170000000800410001702000150005808200130007310000120008624500330009826000460013130000120017750000500018920250703012101.0240331s9999 xx 000 0 und d a9558770019 bIBSa812 aIbson,H 0aSellamgeya :bA doll's house aBoralesgamuwabCultural Publicationc2009 a198 p., aTranslation of Henrik Ibsen' s The playhouse